01494nam a22002297a 4500003000900000005001700009008004100026020002200067040002300089082001800112100002800130245018000158260005000338300004900388365001400437440005800451504002600509505061400535650004501149651003401194700003601228BDDh-ASL20231015025624.0200109s2017 bg bad|| |||| 00| 0 eng d a978-984-34-0131-7 cBDDh-ASLdBDDh-ASL a615.1549bKHM aIsmail, Khandokar Md. 1 aMedicinal Knowledge and Plants of the Chittagong Hill-Tracts Bangladesh: bA Phytochemical Oriented Ethnic Medicinal Documentation/cKhandokar Md. Ismail, Ishrat Ara Khandokar aDhaka:bAsiatic Society of Bangladesh,c2017. aix, 460 p. col. ill. :bill., maps;c26 cm.  aBDTb1500 aAsiatic Society of Bangladesh publication;n, no. 125 aIncludes Bibliography aGeographical Aspects of the Chittagong Hill Tracts, Tribal Communities of the Chittagong Hill Tracts and Their DiversitiesExploration of Ethnobotanical and Ethnomedicinal Features in the Chittagong Hiss Tracts by the Foreign Travelers and the Scientists of Bangladesh, Medicinal Knowledge and the Tribal Pharmacopoeias, Diseases Prevailing among the People of the Chittagong Hill Tracts and the Ingredients used in preparing the Tribal Medicines for the Treatment of Different Diseases, Methodology of Documentation of the Medicinal Knowledge of the Chittagong Hill Tracts, List of 100 Medicinal Plants of CHT 0aBangladeshxMedicinal PlantszBangladesh 0aBangladeshxMedicinal Plants  ejt. aut. qIshrat Ara Khandokar